000 00837nam a2200241Ia 4500
003 OSt
005 20221005035235.0
006 a|||||r|||| 00| 0
007 ta
008 221004b |||||||| |||| 00| 0 eng d
020 _a9788193412008
_cINR 3500.00
024 _a45396
037 _b111756, 09/02/2018, International Book Distributors
_cTextual
040 _aCRL
_cCRL
_beng
041 _2eng
_aeng
082 _a2
100 _aSingh D.V. Ed.
_9588081
245 0 _a63rd ILA conference proceedings
_b international conference on sustainable development of library and information science profession
260 _aDelhi
_bIndian Library Association
_c2017
650 _aGeneral Books
_937993
942 _h2
_cTEXL
_2cc
999 _c944781
_d944781